Effectif de la Karmine Corp - Statistiques

Statistiques générales
  • Ce quiz a été pris 182 fois
    23 depuis la dernière actualisation
  • Le résultat moyen est 30 sur 37
Statistiques - réponses
Réponse % Correct
Busio
100%
Caliste
100%
Canna
100%
Kamiloo
100%
kyeahoo
100%
League of Legends (Div2)
100%
League of Legends (LEC)
100%
League of Legends (LFL)
100%
Prime
100%
VALORANT (GC)
100%
VALORANT (VCT)
100%
Yike
100%
Yukino
100%
Hazel
95%
Tao
90%
Teamfight Tactics
90%
Atow.
86%
juicy
86%
Rocket League
86%
Vatira
86%
avez
81%
Canbizz
81%
Panda
81%
Double61
76%
Glance
76%
SUYGETSU
76%
anesilia
67%
dos9
67%
Jiex
62%
Koala
62%
LêwN
62%
safiaa
62%
Sheydos
62%
Alkyia
57%
Alaric
52%
Oleg
52%
Looki
48%
Aucun quiz correspondant
Distribution des résultats
% des personnes avec chaque résultat
Percentile par nombre de réponses
Votre historique - résultats
Vous n’avez pas pris ce quiz depuis la dernière actualisation